| 000 | 00601nam a2200205Ia 4500 | ||
|---|---|---|---|
| 005 | 20250508151042.0 | ||
| 008 | 008 250505s9999 xx 000 0 eng d | ||
| 037 | _aTextual | ||
| 040 |
_aFEDL _beng _cFEDL |
||
| 041 |
_aeng _2eng |
||
| 084 |
_a300.7, BAG _qFEDL |
||
| 100 |
_aBagley William C. _9758308 |
||
| 245 | 0 | _aTeacher of the social studies | |
| 260 |
_aNew York, USA _bCharles Scribner's Sons _c1937 |
||
| 300 | _axiv,328p | ||
| 650 |
_aSocial Science - Teaching _9756799 |
||
| 700 |
_a Alexander Thomas _9758309 |
||
| 942 |
_cTEXL _h300.7, BAG |
||
| 999 |
_c1327284 _d1327284 |
||